| 000 -LEADER |
| fixed length control field |
01097cam a2200289 a 4500 |
| 001 - CONTROL NUMBER |
| control field |
(Sirsi) a948342 |
| 003 - CONTROL NUMBER IDENTIFIER |
| control field |
OSt |
| 005 - DATE AND TIME OF LATEST TRANSACTION |
| control field |
20191205091643.0 |
| 008 - FIXED-LENGTH DATA ELEMENTS--GENERAL INFORMATION |
| fixed length control field |
130318r20132006enk d 000 1 eng |
| 015 ## - NATIONAL BIBLIOGRAPHY NUMBER |
| National bibliography number |
GBB328668 |
| Source |
bnb |
| 020 ## - INTERNATIONAL STANDARD BOOK NUMBER |
| International Standard Book Number |
9780141346847 |
| Qualifying information |
(pbk.) : |
| 020 ## - INTERNATIONAL STANDARD BOOK NUMBER |
| International Standard Book Number |
0141346841 |
| Qualifying information |
(pbk.) : |
| 040 ## - CATALOGING SOURCE |
| Original cataloging agency |
StDuBDS |
| Language of cataloging |
eng |
| Transcribing agency |
StDuBDS |
| Modifying agency |
TAE |
| 042 ## - AUTHENTICATION CODE |
| Authentication code |
nbic |
| 082 ## - DEWEY DECIMAL CLASSIFICATION NUMBER |
| Classification number |
FIC RIO |
| 100 1# - MAIN ENTRY--PERSONAL NAME |
| Personal name |
Riordan, Rick. |
| Relator term |
author |
| 245 10 - TITLE STATEMENT |
| Title |
Percy Jackson and the sea of monsters / |
| Statement of responsibility, etc. |
Rick Riordan. |
| 260 ## - PUBLICATION, DISTRIBUTION, ETC. |
| Place of publication, distribution, etc. |
London : |
| Name of publisher, distributor, etc. |
Puffin, |
| Date of publication, distribution, etc. |
2013. |
| 300 ## - PHYSICAL DESCRIPTION |
| Extent |
264 p. ; |
| Dimensions |
20 cm. |
| 440 ## - SERIES STATEMENT/ADDED ENTRY--TITLE |
| Title |
Percy Jackson |
| 500 ## - GENERAL NOTE |
| General note |
Originally published: New York: Hyperion Books for Children; London: Puffin, 2006. |
| 520 ## - SUMMARY, ETC. |
| Summary, etc. |
Demi-god Percy Jackson and his friends must journey into the Sea of Monsters to save their camp. But first Percy will discover a secret that makes him wonder whether being claimed as Poseidon's son is an honor or a cruel joke. |
| 521 1# - TARGET AUDIENCE NOTE |
| Target audience note |
10-15. |
| 650 #0 - SUBJECT ADDED ENTRY--TOPICAL TERM |
| Topical term or geographic name entry element |
Jackson, Percy (Fictitious character) |
| Form subdivision |
Juvenile fiction. |
| 650 #0 - SUBJECT ADDED ENTRY--TOPICAL TERM |
| Topical term or geographic name entry element |
Gods, Greek |
| Form subdivision |
Juvenile fiction. |
| 942 ## - ADDED ENTRY ELEMENTS (KOHA) |
| Source of classification or shelving scheme |
|
| Koha item type |
Books - Fiction |